000
00200 a2200097 4500
001
58516
100
_a
245
_a
Crusade
260
_a
Lahore
_b
PAF Book Club, LAhore
_c
1995
090
_c
35888
_d
35888
942
_a
NUST-CAE
_c
_c
28766
999
_c
293589
_d
293589